ការកែច្នៃជ័រកៅស៊ូគ្រាប់ ពីទឹកជ័រ នៅក្រុមហ៊ុនចំការកៅស៊ូក្រែក, (Record no. 1996)

000 -LEADER
fixed length control field 00573nam a22001577a 4500
003 - CONTROL NUMBER IDENTIFIER
control field OSt
005 - DATE AND TIME OF LATEST TRANSACTION
control field 20151006102055.0
008 - FIXED-LENGTH DATA ELEMENTS--GENERAL INFORMATION
fixed length control field 151006b xxu||||| |||| 00| 0 eng d
040 ## - CATALOGING SOURCE
Transcribing agency RUA
082 ## - DEWEY DECIMAL CLASSIFICATION NUMBER
Classification number AGR អ៊ុំ 1996 B017 Or.1
100 ## - MAIN ENTRY--PERSONAL NAME
9 (RLIN) 2122
Personal name អ៊ុំ កន្និដ្ឋា
245 ## - TITLE STATEMENT
Title ការកែច្នៃជ័រកៅស៊ូគ្រាប់ ពីទឹកជ័រ នៅក្រុមហ៊ុនចំការកៅស៊ូក្រែក,
260 ## - PUBLICATION, DISTRIBUTION, ETC. (IMPRINT)
Place of publication, distribution, etc. phnom penh
Name of publisher, distributor, etc. rua
Date of publication, distribution, etc. 1996
300 ## - PHYSICAL DESCRIPTION
Extent 79p.
Other physical details ill.
Dimensions 29cm.
942 ## - ADDED ENTRY ELEMENTS (KOHA)
Source of classification or shelving scheme
Koha item type AGR
Holdings
Price effective from Date last seen Permanent Location Not for loan Date acquired Date last checked out Source of classification or shelving scheme Koha item type Total Checkouts Barcode Lost status Damaged status Withdrawn status Current Location Full call number
2015-10-062022-01-10Library Block B 2015-10-062021-12-24 AGR1RUA025610   Library Block BAGR អ៊ុំ 1996 B017 Or.1
មជ្ឈមណ្ឌលឯការនៃសាកលវិទ្យាល័យភូមិន្ទកសិកម្មចំការដូង

Powered by Koha